| 000 | 00550nam a2200169Ia 4500 | ||
|---|---|---|---|
| 999 |
_c2385 _d2385 |
||
| 020 | _a0-7969-1895-3 | ||
| 082 | _a001.422 PRO-; | ||
| 245 | 0 | _aProceedings of workshop on data sharing for research capacity development | |
| 260 |
_as.l. _bSouth African Data Archive _c1998 |
||
| 300 | _a99p. | ||
| 650 | _aInformation storage and retrieval systems | ||
| 650 | _aData libraries - South Africa | ||
| 650 | _aDatabases - South Africa | ||
| 650 | _aLibraries - Data processing | ||
| 710 | _aData sharing for research capacity development | ||
| 942 | _cBK | ||